Mirrored Oceania Quiz Stats

Quiz not verified by Sporcle

Also try: 'L' World Metros
Challenge
Share
Tweet
Score 0/14 Timer 03:00
0 Plays Today
% Correct
Australia
98.1%
New Zealand
96.2%
Papua New Guinea
95.5%
Micronesia
85.4%
Kiribati
81.3%
Fiji
79.8%
Solomon Islands
79.4%
% Correct
Nauru
78.6%
Palau
76.7%
Tuvalu
74.3%
Marshall Islands
73.9%
Tonga
73.3%
Vanuatu
71.3%
Samoa
69.2%

You're not logged in!

Compare scores with friends on all Sporcle quizzes.
Sign Up with Email
OR
Log In

You Might Also Like...

Show Comments

Extras

Top Quizzes Today


Score Distribution

Your Account Isn't Verified!

In order to create a playlist on Sporcle, you need to verify the email address you used during registration. Go to your Sporcle Settings to finish the process.